South Dakota Counties by Population - Statistics

General Stats
  • This quiz has been taken 43 times
  • The average score is 25 of 66
Answer Stats
Population County % Correct
199,685 Minnehaha
100%
67,870 Lincoln
79%
111,806 Pennington
71%
19,121 Beadle
64%
34,639 Brookings
64%
38,101 Brown
64%
30,173 Meade
64%
28,427 Codington
57%
19,878 Davison
57%
17,694 Hughes
57%
26,165 Lawrence
57%
23,297 Yankton
57%
15,150 Clay
50%
16,872 Union
50%
10,456 Butte
43%
10,851 Lake
43%
13,586 Oglala Lakota
43%
9,163 Charles Mix
36%
8,609 Custer
36%
5,414 Day
36%
7,202 Fall River
36%
7,519 Grant
36%
6,255 Hamlin
36%
5,695 McCook
36%
6,315 Moody
36%
10,163 Roberts
36%
9,286 Todd
36%
5,569 Tripp
36%
8,708 Turner
36%
2,748 Aurora
29%
7,014 Bon Homme
29%
5,242 Brule
29%
1,923 Buffalo
29%
1,380 Campbell
29%
3,872 Corson
29%
4,272 Deuel
29%
5,246 Dewey
29%
2,821 Douglas
29%
4,033 Edmunds
29%
2,137 Faulk
29%
1,835 Haakon
29%
3,095 Hand
29%
1,327 Harding
29%
7,411 Hutchinson
29%
1,236 Hyde
29%
2,878 Jackson
29%
1,636 Jerauld
29%
879 Jones
29%
5,192 Kingsbury
29%
3,764 Lyman
29%
4,304 Marshall
29%
2,420 McPherson
29%
1,908 Mellette
29%
2,314 Miner
29%
2,819 Perkins
29%
2,475 Potter
29%
2,378 Sanborn
29%
6,269 Spink
29%
3,032 Stanley
29%
5,248 Walworth
29%
2,380 Ziebach
29%
3,406 Bennett
21%
3,855 Clark
21%
3,977 Gregory
21%
3,505 Hanson
21%
1,476 Sully
21%
No matching quizzes found
Score Distribution
Percent of People with Each Score
Percentile by Number Answered
Your Score History
You have not taken this quiz